000 01018cam a2200265 i 4500
999 _c58234
_d58234
001 19100211
005 20210927121949.0
008 160519s2016 mdu b 001 0 eng
020 _a9781442264410
041 _aeng
080 _a37+808.025 S-88
100 1 _aStrittmatter, Connie
_912558
245 1 0 _aTeaching plagiarism prevention to college students :
_ban ethics-based approach /
_cConnie Strittmatter, Virginia K. Bratton.
264 1 _aLanham, Maryland :
_bRowman & Littlefield,
_c2016.
300 _a139 pages ;
_c23 cm.
650 0 _aPlagiarism
_xPrevention.
_912559
650 0 _aPlagiarism
_xMoral and ethical aspects.
_912560
650 0 _aEducation, Higher
_xMoral and ethical aspects.
_912561
650 0 _aStudent ethics.
_912562
653 _aპლაგიატი
653 _aპრევენცია
653 _aმორალური და ეთიკური ასპექტები
700 1 _aBratton, Virginia K.,
_d
_eავტორი
_912563
942 _2udc
_cBK